Представление документа в формате RUSMARC

ПолеНазваниеЗначение
  Тип записи a
  Библиографический уровень m
001 Контрольный номер UONB/MAIN/3cfa66d941954d469d2546d5db1bacba
005 Дата корректировки 20260701173153.6
010 Индекс ISBN __
a ISBN 978-5-9524-5878-9
b Уточнения в пер.
100 Данные общей обработки __
a Данные общей обработки 20260522d2026 uy0rusy0189 ca
101 Язык документа 0_
a Язык текста rus
c Язык оригинала eng
102 Страна публикации __
a Страна публикации RU
105 Кодированные данные (монография) __
a Кодированные данные (монография) y z 001yy
200 Заглавие и сведения об ответственности 1_
a Заглавие Китайские целебные травы
e Сведения, относящиеся к заглавию классический труд по фармакологии
f Первые сведения об ответственности Ли Шичэнь
g Последующие сведения об ответственности перевод с английского Л. А. Игоревского
203 Вид содержания и тип средства __
a Вид содержания Текст
b Характеристика содержания визуальный
c Тип средства непосредственный
210 Выходные данные 1_
a Место издания Москва
c Издательство Центрполиграф
d Дата издания 2026
215 Физическое описание __
a Объем 396, [2] с.
d Формат 21 см
320 Библиография __
a Библиография Указ.: с. 389-397
606 Тематические рубрики 0_
a Основная рубрика Лекарственные растения
x Основная подрубрика Применение в китайской медицине
606 Тематические рубрики 0_
a Основная рубрика Китайская медицина
610 Ключевые слова 0_
a Ключевые слова китайская медицина; лекарственные растения в китайской медицине; народная китайская медицина; фитотерапия
686 Индексы других классификаций __
2 Код системы rubbk
a Классификационный индекс 52.821.1
686 Индексы других классификаций __
a Классификационный индекс 53.591.1
2 Код системы rubbk
686 Индексы других классификаций __
a Классификационный индекс 42.143
2 Код системы rubbk
700 Автор _0
a Фамилия Шичэнь Ли
702 Вторичная интеллектуальная ответственность _1
a Фамилия Игоревский
b Имя (инициалы) Л. А.
4 Код отношения 730
801 Источник записи _0
a Страна RU
b Организация Ульяновская ОНБ
c Дата составления 20260522
g Правила каталогизации RCR
801 Источник записи _1
a Страна RU
b Организация Ульяновская ОНБ
c Дата составления 20260522
g Правила каталогизации RCR
900 Электронные ресурсы __
a Имя электронного ресурса цп20260201
900 Электронные ресурсы __
a Имя электронного ресурса цп20260202
901 Тип документа __
t Тип документа m
909 Создатель записи __
a Создатель записи Полковникова
b Дата создания записи 20260522
910 Корректоры записи __
a Корректор записи Пряхина
b Дата внесения изменения в запись 20260701